[Event "Bundesliga 0405"]
[Site "Germany"]
[Date "2005.01.29"]
[Round "8.1"]
[White "Khenkin, Igor"]
[Black "McShane, Luke J"]
[Result "1/2-1/2"]
[WhiteElo "2587"]
[BlackElo "2629"]
[Annotator "Krasenkow,M"]
[PlyCount "54"]
[EventDate "2004.11.12"]
[EventType "team-tourn"]
[EventRounds "15"]
[EventCountry "GER"]
[SourceTitle "CBM 106"]
[Source "ChessBase"]
[SourceDate "2005.06.06"]
[SourceVersion "1"]
[SourceVersionDate "2005.06.06"]
[SourceQuality "1"]
[WhiteTeam "Tegernsee"]
[BlackTeam "Werder Bremen"]
[WhiteTeamCountry "GER"]
[BlackTeamCountry "GER"]

1. d4 Nf6 2. c4 g6 3. Nc3 d5 4. cxd5 Nxd5 5. e4 Nxc3 6. bxc3 Bg7 7. Be3 c5 8.
Qd2 Qa5 9. Nf3 Nc6 10. Rb1 a6 11. Rc1 Bg4 {A rare move instead of the usual} (
11... cxd4) 12. d5 Rd8 ({After} 12... Bxf3 13. gxf3 Ne5 14. Be2 {White keeps a
slight edge as his damaged pawn structure is more than sufficiently
compensated by his bishop pair and pawn centre, e.g.} O-O (14... h5 15. h3 Nd7
16. c4 Qa4 $6 17. O-O f5 18. Rb1 b6 19. Rfc1 fxe4 20. Bd1 Qa5 21. Qxa5 bxa5 22.
Ba4 O-O-O 23. fxe4 $18 {1-0 Stone,R-Ada,B/Ontario 1990/EXT 97 (30)}) 15. c4 Qc7
16. O-O Qc8 {1/2-1/2 Gruenberg,R-Fette,M/Hamburg 1987/TD (21)} 17. Kg2 $14) 13.
Bd3 {The other moves seen in practice are absolutely harmless:} (13. Nh4 O-O
14. h3 Bc8 15. Be2 e6 16. O-O exd5 17. exd5 c4 $1 18. Rfd1 Ne5 19. Nf3 Nd3 20.
Bxd3 Rxd5 21. Bd4 cxd3 22. Qxd3 Bh6 $15 {1-0 Khenkin,I-Fernandez Garcia,J/Las
Palmas 1994/EXT 2003 (37)}) (13. Be2 O-O 14. Qb2 Bxf3 15. Bxf3 Nd4 16. Bd1 Nb5
17. Bd2 Nd6 18. Qc2 Nc4 {1/2-1/2 Ehlvest,J-Rytshagov,M/Tallinn 1998/EXT 99}) (
13. Bh6 $5 {deserves testing.}) 13... O-O $1 {A typical approach in such
positions: the capture on c6 is not a threat.} 14. O-O (14. dxc6 Bxf3 15. gxf3
c4 16. Bd4 bxc6 17. Bxc4 c5 $11) 14... f5 (14... Bxf3 15. gxf3 e6 $6 {is risky
due to} 16. dxc6 c4 17. Qb2 cxd3 18. cxb7 {[%csl Gb7]}) 15. exf5 (15. dxc6 $6
fxe4 16. Ne5 Bxe5 17. Bc4+ Kh8 18. Qc2 Qc7) (15. Ng5 fxe4 16. Bxe4 e6 $13)
15... Bxf3 (15... Bxf5 {is also possible:} 16. Bxf5 Rxf5 17. c4 Qxd2 18. Nxd2
Nd4 $132) 16. dxc6 (16. gxf3 $6 Ne5) 16... Be4 $1 (16... Bxc6 $143 17. Qc2 {
and the position of the black king is compromised.}) 17. Bc4+ Kh8 18. Qb2 $6 {
This leads to some trouble for White as his queen will now be temporarily out
of play.} ({GM I.Khenkin probably rejected} 18. Qe2 $5 {in view of} b5 {
but then White had a nice response} 19. f6 $1 {, which eventually lead to an
equal position after} exf6 (19... Bxf6 20. Bh6) (19... Rxf6 20. Bg5) 20. Bxc5
Rfe8 21. Bf7 Re5 22. Bd4 $1 Bxg2 (22... Re7 23. f3 Rxf7 24. Qxe4) 23. Bxe5 Bxf1
24. Qxf1 fxe5 25. Qh3 Qa3 26. Re1 Qd6 $11) 18... b5 19. Be6 Qc7 $5 (19... Bxf5
$5 20. Bxf5 Rxf5 21. Rfd1 Rd6 {[%csl Rc6] It is not easy for White to keep the
balance.}) 20. Bd7 (20. Bxc5 Bxg2 $1 {is unpleasant for White.}) (20. Qa3 $5
gxf5 21. Qxc5 (21. Bd7 $142 $5 {-20.Bd7}) 21... Rd6 $1 22. Bf4 Rxc6 23. Bxc7
Rxc5 24. Ba5 Rc6 25. Bb3 Rfc8 $15) 20... Bxf5 (20... gxf5 21. Qa3 Bxc6 22. Bxc6
Qxc6 23. Qxc5 Qxc5 24. Bxc5 Rfe8 25. c4 $1 {with a probable draw.}) 21. Qa3 $1
(21. Bxf5 $2 Rxf5 $17) 21... Be5 (21... Bxd7 22. cxd7 $11 {White recaptures
the pawn on a6 or c5.}) 22. f4 Bd6 23. Bxf5 Rxf5 24. Qxa6 Rb8 {Black now
recaptures the c6 pawn and the position equalizes.} 25. a4 Rb6 26. Qa8+ (26.
Qa5 bxa4 27. Qxa4 Qxc6 $11) 26... Rb8 27. Qa6 Rb6 1/2-1/2

[Event "RUS-ch"]
[Site "Krasnodar"]
[Date "2002.08.28"]
[Round "2"]
[White "Volkov, Sergey"]
[Black "Beshukov, Sergei"]
[Result "1-0"]
[WhiteElo "2636"]
[BlackElo "2475"]
[Annotator "Krasenkow,M"]
[PlyCount "85"]
[EventDate "2002.08.27"]
[EventType "swiss"]
[EventRounds "9"]
[EventCountry "RUS"]
[SourceTitle "CBM 091"]
[Source "ChessBase"]
[SourceDate "2002.11.12"]
[SourceVersion "1"]
[SourceVersionDate "2002.11.12"]
[SourceQuality "1"]

1. d4 Nf6 2. c4 g6 3. Nc3 d5 4. cxd5 Nxd5 5. e4 Nxc3 6. bxc3 Bg7 7. Qa4+ Nd7 8.
Nf3 c5 9. Bg5 O-O 10. Rb1 h6 11. Be3 a6 12. Qa3 cxd4 13. cxd4 Nf6 14. Bd3 Ng4
15. e5 $146 {The game Zviagintsev-Leko (see annotations in cbm90) continued:} (
15. O-O Nxe3 16. fxe3 b6 17. e5 Bb7 18. Qb4 b5 {1/2-1/2 Zvjaginsev,V-Leko,P/
Essen GER 2002/CBM90 (18).}) 15... Nxe3 16. fxe3 Rb8 17. O-O b5 {[%mdl 32]
This plan looks more logical than Leko's 16...b6 but GM S.Volkov finds a good
reply.} 18. Nd2 $1 {[%cal Yd2e4,Ye4c5]} Kh7 {Preparing ...f7-f6 but this plan
fails.} (18... Bb7 $5 19. Ne4 Bxe4 20. Bxe4 Rb6 $14) 19. Ne4 (19. h4 $5 {
[%cal Yh4h5]}) 19... f6 20. Nc5 $1 Qb6 {Alas,} (20... fxe5 {is not good:} 21.
Bxg6+ $1 (21. Rxf8 $143 Bxf8) 21... Kh8 (21... Kxg6 22. Qd3+ Bf5 (22... Kg5 23.
Qh7 Bh8 24. Ne4+ Kh5 25. Rxf8 Qxf8 26. Rf1 $18) (22... Kh5 23. Rxf8 Bxf8 (23...
Qxf8 24. Rf1 $18) 24. Rf1 $18 {->}) (22... Rf5 23. g4 $18) (22... e4 23. Qxe4+
$18) 23. Rxf5 Rxf5 24. g4 Qc8 25. d5 $1 h5 26. gxf5+ Qxf5 27. e4 $18 {->}) 22.
Rxf8+ Qxf8 23. Rf1 Qd8 24. Bc2 $16 {[%cal Ra3d3]}) 21. Qb3 $1 f5 (21... fxe5 {
gives White a decisive attack after} 22. Rxf8 Bxf8 23. Qf7+ Bg7 24. Rf1 $1 exd4
25. Qxe7 {Therefore Black gives up attempts to attack White's centre, which
leads to a strategically hopeless position.}) 22. Rfc1 {[%csl Gc5,Ge5] White
provokes Black's next move!} f4 {This only weakens Black's kingside.} 23. Be4
Kh8 24. exf4 Rxf4 25. Qe3 g5 26. Rf1 Rxf1+ 27. Rxf1 Be6 28. Bc2 Rc8 29. h4 $1 {
Black is completely passive. Therefore White can play} (29. Rf2 {or something
like that but he finds an interesting forced way to win. Equally strong was,
however,}) (29. Nxe6 $1 Rxc2 30. Qe4 Qc6 (30... Rc6 31. Nxg7 Kxg7 32. Qd5 Re6
33. Kh1 $18 {[%cal Yd5a8]}) 31. d5 Qb6+ 32. Kh1 Qf2 33. Rg1 $18 {[%cal Re4g6]})
29... gxh4 30. Nxe6 $1 Rxc2 31. Nxg7 (31. Qe4 {was winning here, too:} Rc6 (
31... Rxg2+ {is hopeless, of course}) 32. Nxg7 Kxg7 33. Qf4 Qd8 34. Qf7+ Kh8
35. d5 Rb6 36. Rf4 {etc.}) 31... Qc6 ({Or} 31... Qg6 32. Qf3 Qxg7 33. Qa8+ Qg8
34. Rf8 Rxg2+ 35. Kf1 Rg1+ 36. Ke2 Rg2+ 37. Kd3 Rg3+ 38. Kc2 Rg2+ 39. Kc3 Rg3+
40. Kb4 $18) 32. d5 $1 Qg6 33. Qf3 Qxg7 34. d6 $1 exd6 (34... Rc8 35. d7 Rd8
36. e6 {was hopeless, too}) 35. Qa8+ Qg8 (35... Kh7 36. Qe4+) 36. Rf8 Rxg2+ 37.
Kf1 Rg1+ 38. Kf2 Rg2+ 39. Ke3 Rg3+ 40. Kd2 h3 41. exd6 h2 42. Rxg8+ Rxg8 43.
Qh1 {An excellent win by the defending Russian champion!} 1-0

[Event "RUS-ch"]
[Site "Krasnodar"]
[Date "2002.08.30"]
[Round "4"]
[White "Poluljahov, Aleksandr"]
[Black "Vorobiov, Evgeny E"]
[Result "1-0"]
[WhiteElo "2512"]
[BlackElo "2542"]
[Annotator "Krasenkow,M"]
[PlyCount "59"]
[EventDate "2002.08.27"]
[EventType "swiss"]
[EventRounds "9"]
[EventCountry "RUS"]
[SourceTitle "CBM 091"]
[Source "ChessBase"]
[SourceDate "2002.11.12"]
[SourceVersion "1"]
[SourceVersionDate "2002.11.12"]
[SourceQuality "1"]

1. d4 Nf6 2. c4 g6 3. Nc3 d5 4. cxd5 Nxd5 5. e4 Nxc3 6. bxc3 Bg7 7. Ba3 Nd7 8.
Nf3 c5 9. Bc4 cxd4 10. Qb3 O-O 11. cxd4 Nb6 12. O-O Nxc4 13. Qxc4 a5 {[%cal
Rb7b5] This move just weakens the q-side (fortunately, it is not deadly for
Black).} (13... b6 {-see Lalic-Gormally in this issue.}) (13... Bg4) 14. Rfd1
Bg4 15. Rab1 Rc8 16. Qd3 Bxf3 17. gxf3 {[%csl Rb5,Rb6,Rb7] With the pawn on a7
instead of a5 Black's position would be OK; now he should work a while to
equalize. The most important thing for him is not to care about the b7 pawn
too much!} (17. Qxf3 Bxd4 {[%cal Rc8c3]} 18. Bb2 e5 19. Bxd4 exd4 20. Rxb7 Rc2
$11) 17... Qd7 18. Bc1 $6 {This manoeuvre requires a lot of time, which
enables Black to activate his rooks.} (18. Bc5 $5 $14) 18... Rc6 (18... Qh3 $5
{, just giving up the pawn like in Dao-Lin in this issue, deserved some
attention but Black finds a simpler way to equality.}) 19. Kg2 Rfc8 20. Be3 Rc4
21. Qd2 f5 $1 22. exf5 gxf5 $2 {[%mdl 16384] A wrong recapture. After} (22...
Qxf5 23. Rxb7 Rf8 24. Qe2 e6 {Black is not worse due to his counterplay along
the f-file. On the contrary, after the text the g-file can only be useful for
White. Besides, the f5 pawn becomes another weakness in Black's camp.}) 23.
Qxa5 R4c6 (23... f4 $142 24. Bxf4 Rxd4 25. Qg5 Rc6 26. Rxd4 Qxd4 27. Bg3 $16 {
_|_}) 24. Qb5 b6 (24... Rg6+ 25. Kh1 Qxb5 26. Rxb5 {[%csl Rb7,Rf5] is quite
poor, too}) 25. Kh1 {[%cal Rd4d5]} f4 (25... e6 26. d5 $1 $18) 26. Bxf4 (26. d5
$5 Rd6 27. Qxd7 Rxd7 28. Bxf4 $18) 26... Bxd4 $2 {Loses at once.} (26... Qh3
$142 27. Bg3 $18 {Black has no compensation for two missing pawns.}) 27. Rg1+ (
{Or} 27. Be5 Qf5 28. Qb3+ $18) 27... Kh8 28. Rbd1 Qh3 29. Rg3 Qh5 $6 30. Qxh5
1-0

[Event "BCF-ch 89th"]
[Site "Torquay"]
[Date "2002.08.02"]
[Round "5"]
[White "Sasikiran, Krishnan"]
[Black "Summerscale, Aaron"]
[Result "1/2-1/2"]
[WhiteElo "2650"]
[BlackElo "2509"]
[Annotator "Krasenkow,M"]
[PlyCount "75"]
[EventDate "2002.07.29"]
[EventType "swiss"]
[EventRounds "11"]
[EventCountry "ENG"]
[SourceTitle "CBM 091"]
[Source "ChessBase"]
[SourceDate "2002.11.12"]
[SourceVersion "1"]
[SourceVersionDate "2002.11.12"]
[SourceQuality "1"]

1. d4 Nf6 2. c4 g6 3. Nc3 d5 4. cxd5 Nxd5 5. e4 Nxc3 6. bxc3 c5 7. Nf3 Bg7 8.
Rb1 O-O 9. Be2 cxd4 10. cxd4 Qa5+ 11. Bd2 Qxa2 12. O-O Bg4 13. Bg5 h6 14. Be3
Nc6 15. d5 Na5 16. Bc5 b6 $5 {This is the newest attempt to revive the 15...
Na5 line. Black gives up the e7 pawn and the exchange hoping to make use of
his strong g7 bishop and a-pawn - with satisfactory results so far. Dozens of
games saw} (16... Bf6 17. e5 Bxe5 18. Rb4 $1 $16) 17. Bxe7 Rfe8 18. d6 Qe6 $6 (
18... Nc6 {is apparently more precise:} 19. Bb5 Nxe7 20. Bxe8 Rxe8 21. dxe7 Qa3
22. Re1 Qxe7 23. h3 Be6 24. Qa4 Qd7 25. Qa6 Rd8 26. Re3 (26. e5 $5) 26... Qc7
27. Rd3 Rc8 $44 {0-1 Bunzmann,D-Van Wely,L/Germany 2001/CBM 82 ext (45)}) 19.
h3 Bxf3 20. Bxf3 Nc6 21. e5 Nxe7 22. Bxa8 Rxa8 23. dxe7 Qxe7 24. f4 $16 {
[%csl Ge5,Gf4]} Rd8 25. Qb3 {This allows Black to break down White's centre.} (
25. Qg4 $5 g5 26. Rbe1 {was more appropriate to support the e5 pawn.}) 25... g5
26. fxg5 hxg5 27. Rf5 Bxe5 28. Re1 $1 Bd4+ 29. Kf1 $2 {[%csl Rf1] Obvious
moves are not always best. The white king will be very vulnerable here.} (29.
Kh2 $142 $1 Qd6+ (29... Qxe1 $2 30. Qxf7+ Kh8 31. Qh5+ Kg8 32. Qxg5+ Bg7 33.
Qxd8+ $18) 30. Kh1 {[%csl Gh1]} Qg6 31. Ref1 $16 Rd7 $140 32. Qb5) 29... Qc7
30. Rxg5+ Kf8 31. Rf5 Qd7 32. Rf3 Bc5 $44 {White has few winning chances both
in the middlegame (due to the poor position of his king) and in the endgame 
(due to Black's strong queenside pawns).} 33. Re5 a5 34. Qc4 a4 35. Re1 a3 36.
g4 Qd5 37. Qxd5 Rxd5 38. Ra1 1/2-1/2

[Event "GER CupT final"]
[Site "Baden-Baden"]
[Date "2005.04.17"]
[Round "1.2"]
[White "Sokolov, Ivan"]
[Black "Krasenkow, Michal"]
[Result "1-0"]
[WhiteElo "2685"]
[BlackElo "2672"]
[Annotator "Krasenkow,M"]
[PlyCount "73"]
[EventDate "2005.04.17"]
[EventType "team"]
[EventRounds "1"]
[EventCountry "GER"]
[SourceTitle "CBM 107"]
[Source "ChessBase"]
[SourceDate "2005.08.01"]
[SourceVersion "1"]
[SourceVersionDate "2005.08.01"]
[SourceQuality "1"]
[WhiteTeam "Porz"]
[BlackTeam "Baden Oos"]
[WhiteTeamCountry "GER"]
[BlackTeamCountry "GER"]

1. d4 Nf6 2. c4 g6 3. Nc3 d5 4. cxd5 Nxd5 5. Bd2 Bg7 6. e4 Nb6 7. Be3 O-O 8. h3
{According to the official theory - a harmless line. However, GM Ivan Sokolov
disagrees with this verdict.} f5 9. exf5 Bxf5 (9... gxf5 {is another option.})
10. Nf3 Nc6 11. Qb3+ (11. Be2 {is indeed too modest, e.g.} e5 (11... Qd6 12.
O-O Rad8 13. Rc1 Kh8 14. Qd2 e5 15. Nb5 Qe7 16. Bg5 Bf6 17. Bxf6+ Qxf6 18. Rfd1
a6 19. Nxc7 Qd6 20. d5 Qxc7 21. Qh6 Nxd5 22. Rxd5 Qe7 23. Rxd8 Rxd8 24. Qe3 Qf6
{1/2-1/2 Wehmeier,S-Greenfeld,A/Lippstadt 2004/CBM 103}) (11... Kh8 12. O-O Nd5
13. Nxd5 Qxd5 14. Rc1 Qxa2 15. Bc4 Qxb2 16. g4 Bd7 17. Rc2 Qa3 18. Ng5 Nd8 19.
Qd2 e6 20. d5 $13 {1-0 Zsinka,L-Szeberenyi,A/Hungary 2002/EXT 2004 (36)}) (
11... Qd7 12. Qd2 Rad8 13. Rd1 Be6 14. Qc1 Bc4 15. O-O Bxe2 16. Nxe2 Rxf3 17.
gxf3 Qxh3 18. Ng3 Nd5 19. Rfe1 Nxe3 20. Qxe3 Bxd4 21. Qb3+ Kg7 22. Ne4 Ne5 23.
Rxd4 Rxd4 24. Ng5 Nxf3+ {0-1 Borg,G-Khachian,M/Panormo 1998/CBM 067 ext}) 12.
dxe5 (12. Qb3+ Kh8 13. dxe5 Nxe5 14. Nxe5 Bxe5 15. O-O c6 16. Qb4 Qc7 17. Rad1
Be6 18. a4 Nd5 $11 {1/2-1/2 Zsinka,L-Neubauer,M/Oberwart 2004/EXT 2005 (30)})
12... Qxd1+ (12... Nxe5 13. Nxe5 Bxe5 14. Qxd8 Rfxd8 15. Rc1 c6 16. O-O Bd3 17.
Bxd3 Rxd3 18. Rfd1 Rad8 $11 {1/2-1/2 Murugan,K-Hossain,E/Calcutta 1999/EXT
2003 (40)}) 13. Rxd1 Nxe5 14. Nxe5 Bxe5 15. O-O Rad8 16. Bg5 Rxd1 17. Rxd1 c6
18. Bf1 Kg7 $10 {0-1 Ruban,V-Leko,P/Tilburg 1993/CBM 039/[Leko] (61)}) (11. Rc1
e5 12. d5 Nd4 13. Nxd4 exd4 14. Bxd4 Bxd4 15. Qxd4 Qg5 16. f4 Rae8+ 17. Kd2 Qh4
18. Rg1 c5 19. Qxc5 Qxf4+ 20. Kd1 Rc8 {0-1 Bricard,E-Lutz,C/Kaufbeuren 1993/
EXT 97}) (11. Bb5 Nb4 12. Rc1 c6 13. Be2 N6d5 14. Qb3 Kh8 15. Nxd5 Nxd5 16. O-O
Qd6 $11 {1-0 Meister,Y-Khachian,M/Bela Crkva 1990/EXT 97 (40)}) 11... Kh8 12.
d5 (12. O-O-O $6 {[%csl Rc1]} a5 13. Ne5 a4 $1 14. Qb5 (14. Nf7+ $2 Rxf7 15.
Qxf7 Qd7 $1 {[%cal Ra8f8]} 16. a3 Na5 $1 {[%cal Cf1b5,Cb5d7,Ra5b3]}) 14... a3
15. b3 Qd6 {[%cal Oc6e5,Ce5c4,Cc4d6,Ya8a5]} 16. Nc4 Nxc4 17. Qxc4 Na5 18. Qb5
c5 $1 19. Qa4 Nc6 20. Qb5 Qf6 21. Qc4 cxd4 {0-1 Anastasian,A-Neverov,V/Tbilisi
1989/CBM 012/[Bulletin]}) (12. Rd1 a5 $1 13. a3 a4 14. Qa2 Bc2 15. Rd2 Bb3 $15)
12... Ne5 13. Nxe5 (13. Nd4 $5 {needs testing. Black didn't solve his problems
in the following game:} c6 $6 (13... a5 $5) 14. f4 Nd3+ $6 15. Bxd3 Bxd3 16.
Ne6 Qd6 17. Bc5 Qd7 18. Nxg7 (18. Bxb6 $5 axb6 19. O-O-O) 18... Kxg7 19. Bd4+
Kh6 20. O-O-O Bc4 21. Qc2 Bxd5 22. Qf2 $18 {->} g5 23. fxg5+ Kh5 24. g4+ Kxg5
25. h4+ Kh6 26. Qe3+ Kg6 27. Qg5+ Kf7 28. Qh5+ Kg8 29. Qg5+ Kf7 30. Rhf1+ {
1-0 Van der Erf,R-Steinkuehler,G/Germany 1998/EXT 2000}) 13... Bxe5 14. Rd1 {
A solid move, keeping White's outposts in the centre.} (14. f4 Bg7 15. g4 {
is too aggressive. After the opening of the game White's position will be
weakened, e.g.} Bd7 16. O-O-O Qe8 17. Bg2 c6 $1 18. Rhe1 cxd5 19. Bxd5 Rc8 20.
Kb1 Rxc3 $1 21. bxc3 Ba4 22. Qb4 Bxd1 23. Rxd1 Nxd5 24. Rxd5 Qc6 25. Qc5 Qe6
$15 {[%csl Rb1] 0-1 Foygel,I-Shabalov,A/Connecticut 2001/CBM 081 ext (42)})
14... Qc8 {[%cal Yc7c6]} 15. Bd3 (15. Be2 c6 16. dxc6 Qxc6 17. Bf3 Qc4 18. Bxb7
Rad8 $132) 15... e6 $2 {[%mdl 16384] A grave positional error.} (15... Bxd3 16.
Rxd3 Qf5 17. Rd1 e6 $1 18. dxe6 Rae8 {was enough to nearly equalize the game.
The position of Black's king is slightly weakened but it shouldn't create any
serious problems for him as his pieces are active enough.}) 16. Bxf5 exf5 ({
After} 16... Rxf5 17. dxe6 {Black can't recapture the pawn without serious
concessions.}) (16... gxf5 {was relatively better, although, comparing to the
line from the previous annotation (15...Bxd3 etc.), Black's position is
seriously compromised.} 17. O-O (17. dxe6 Re8) 17... Re8 18. Rfe1 {etc.}) 17.
O-O {Black's evaluation of this position was completely wrong. With the pawn
on f7 (instead of f5) it would be quite normal but this "minor" weakening
makes it almost hopeless! It wouldn't be difficult to protect the c7 pawn only
but now there is also the e6 square and the king in the corner...} Qd7 (17...
f4 18. Bc5 Re8 19. Rfe1 Qf5 20. Nb5 {[%cal Rb5d4,Rd4e6]}) (17... c5 18. Rfe1
Re8 19. Nb5 a6 $140 20. Nd6 Bxd6 21. Qxb6 Rd8 22. b4 $1 cxb4 23. Qd4+ Kg8 24.
Qf6 $18) 18. Bc5 Rfe8 19. Nb5 Nc8 (19... c6 {is relatively better but after}
20. Nd6 (20. dxc6 Qxc6 21. Bd6 Bxd6 22. Nxd6 Re7 23. Rd2 {[%csl Rh8][%cal
Yf1d1] is very strong, too}) 20... Bxd6 21. dxc6 Qxc6 22. Bxd6 {the terrible
position of Black's king doesn't give him many chances to survive.}) 20. Rfe1
Nd6 21. Rxe5 Rxe5 22. Nxd6 (22. Nxc7 $1 Qxc7 23. Bd4 $18 {[%cal Od4e5,Yf2f4]
was even simpler.}) 22... cxd6 23. Bd4 {[%cal Rf2f4]} f4 ({Or} 23... Kg8 24.
Bxe5 dxe5 25. d6+ Kf8 (25... Qf7 26. d7) 26. Qc3 Re8 27. f4 Qa4 28. Rd5 Qxf4
29. d7 Rd8 30. Rxe5 {etc.}) 24. Bxe5+ dxe5 25. d6 {The material is still equal
but the strong d6 pawn, together with the weak position of the black king,
decides the game.} Kg7 (25... Re8 26. Qd5 {[%cal Yd1c1]} e4 (26... Re6 $2 27.
Qxe6 Qxe6 28. d7 $18) 27. Rc1 e3 28. Rc7 Qxc7 29. dxc7 e2 30. Qd4+ Kg8 31. Qc4+
Kg7 32. Qxe2 $18) 26. Rc1 Kh6 27. Rc7 Qxd6 28. Qf7 Rf8 29. Qxh7+ Kg5 30. Rxb7 {
White has won a pawn continuing his attack. The rest is clear.} f3 31. Qe7+ Rf6
32. Rd7 Qxe7 33. Rxe7 Kf4 34. Rxa7 e4 35. gxf3 Kxf3 36. Ra3+ Kf4 37. b4 1-0

[Event "SVK-ch"]
[Site "Kaskady"]
[Date "2002.07.06"]
[Round "10"]
[White "Markos, Jan"]
[Black "Ftacnik, Lubomir"]
[Result "1/2-1/2"]
[WhiteElo "2467"]
[BlackElo "2576"]
[Annotator "Krasenkow,M"]
[PlyCount "56"]
[EventDate "2002.06.27"]
[EventType "tourn"]
[EventRounds "11"]
[EventCountry "SVK"]
[EventCategory "12"]
[SourceTitle "CBM 090"]
[Source "ChessBase"]
[SourceDate "2002.09.20"]
[SourceVersion "1"]
[SourceVersionDate "2002.09.20"]
[SourceQuality "1"]

1. d4 Nf6 2. c4 g6 3. Nc3 d5 4. Nf3 Bg7 5. cxd5 Nxd5 6. e4 Nxc3 7. bxc3 c5 8.
Rb1 O-O 9. Be2 Nc6 10. d5 Ne5 11. Nxe5 Bxe5 12. Qd2 b6 13. O-O e6 14. f4 Bg7
15. Bc4 Bb7 {About this line-see CBM87, game Zaja-Ftacnik (Salona Solin/Split
2000).} 16. dxe6 Bxe4 17. exf7+ Kh8 18. Rb2 Qf6 $6 19. Qe3 (19. Qe2 $1 Bc6 $146
(19... Qxc3 $6 20. Rd2) 20. Rd2 Rac8 (20... b5 $5) 21. Qe6 $1 Qxe6 (21... Qxc3
22. f5 $1 gxf5 $140 23. Bb2 $1) 22. Bxe6 Rc7 23. Bb2 Re7 24. Rd6 $16 {1-0
Bellmann,H-Matisson,J/corr 2000/Telechess 86 (51)}) 19... Bc6 (19... Qxc3 20.
Qxe4 Bd4+ 21. Rbf2 Qxc4 22. Bb2 Qxf7 23. Bxd4+ {1/2-1/2 Brenninkmeijer,J-Blees,
A/Breda 1996/EXT 2002 (23).}) 20. Re2 Rad8 $6 {Black doesn't rush to recapture
the pawn at once. He plans ...b5 or ...Bd5. Quite a risky strategy!} (20...
Qxc3 $142) 21. Bb2 (21. Qe5 Rxf7 $1 22. Bxf7 Qxf7 {[%cal Rc6b5]} 23. Qe7 Qxe7
24. Rxe7 Bb5 $11 25. Rfe1 $6 Bxc3) (21. Qe6 b5 22. Qxf6 Bxf6 23. Be6 Bxc3)
21... Rd6 (21... Bd5 $2 22. Bxd5 Rxd5 23. c4) 22. Qe7 $6 {This leads to a draw.
} (22. Rfe1 $5 {deserved serious attention. White keeps his extra pawn, with
good winning chances:} b5 23. Be6 (23. Bxb5 $5 Bxb5 24. c4 Qd4 (24... Qxb2 25.
Rxb2 Bd4 (25... Bxb2 $2 26. Qe7) 26. Rxb5 $16) 25. Bxd4 Bxd4 26. cxb5 Rxf7 27.
g3 Bxe3+ 28. Rxe3 a6 $1 {is easier for Black to defend}) 23... Bd7 24. Bxd7 (
24. f5 $5 gxf5 25. Bxd7 Rxd7 26. Qxc5) 24... Rxd7 25. Qxc5 (25. c4 Qd4 26. Bxd4
Bxd4 27. cxb5 Rfxf7 28. g3 $16) 25... Rdxf7 26. g3 $16) 22... Qxe7 23. Rxe7 b5
$1 24. Re6 (24. Bb3 $6 c4 25. Bc2 Rd7 {[%csl Rb2,Rc3]}) 24... Rd2 25. Rf2 (25.
Rxc6 Rxb2 26. Bd5 Bxc3 $132) 25... Rd1+ 26. Rf1 (26. Bf1 Bd7 27. Re7 (27. Ra6
$2 b4 $1) 27... a6 {[%cal Yg7f6] is by no means better for White.}) 26... Rd2
27. Rf2 Rd1+ 28. Rf1 Rd2 1/2-1/2